000 00189nam a2200085Ia 4500
008 220204s9999 xx 000 0 und d
100 _aRobins, Denise
245 0 _aMore than love
942 _cBK
999 _c30409
_d30409